Statistics for Monarchies of Europe Map Quiz

Click here to take the quiz!

General Stats

  • This quiz has been taken 90 times
  • The average score is 11 of 12

Answers on the Map

Answers color-coded by a green-red scale on the quiz's map according to % correct below.
 

Answer Stats

Answer% Correct
Spain
100%
United Kingdom
100%
Belgium
97%
Sweden
97%
Denmark
96%
Netherlands
95%
Luxembourg
93%
Monaco
93%
Vatican City
93%
Andorra
92%
Liechtenstein
92%
Norway
92%

Score Distribution

Percentile by Number Answered

Percent of People with Each Score

Your Score History

You have not taken this quiz